U.S. States with Native American Names - Statistics

General Stats
  • This quiz has been taken 46 times
  • The average score is 22 of 26
Answer Stats
Answer % Correct
Alabama
95%
North Dakota
93%
South Dakota
93%
Texas
93%
Wyoming
93%
Illinois
91%
Minnesota
91%
Oklahoma
91%
Tennessee
91%
Hawaii
88%
Iowa
88%
Kansas
88%
Michigan
88%
Ohio
88%
Alaska
86%
Kentucky
86%
Nebraska
86%
Arizona
84%
Utah
84%
Wisconsin
84%
Arkansas
81%
Mississippi
81%
Connecticut
79%
Missouri
79%
Massachusetts
77%
New Mexico
65%
No matching quizzes found
Score Distribution
Percent of People with Each Score
Percentile by Number Answered
Your Score History
You have not taken this quiz